[Event "Bad Woerishofen op 38th"]
[Site "Bad Woerishofen"]
[Date "2023.03.11"]
[Round "9"]
[White "Kroencke, Manfred"]
[Black "Van den Bersselaar, Jeroen"]
[Result "0-1"]
[WhiteElo "1968"]
[BlackElo "2103"]
[PlyCount "74"]
[EventDate "2023.03.03"]
[EventType "swiss"]
[EventRounds "9"]
[EventCountry "GER"]
[SourceTitle "CBM 213 Extra"]
[Source "ChessBase"]
[SourceDate "2023.05.31"]
[SourceVersion "1"]
[SourceVersionDate "2023.05.31"]
[SourceQuality "1"]

1. e4 c6 2. d4 d5 3. exd5 cxd5 4. Bd3 Nc6 5. c3 Qc7 6. Nf3 Bg4 7. 0-0 e6 8. Re1 Bd6 9. h3 Bh5 10. Nbd2 Nf6 11. Nf1 0-0 12. Bg5 Rab8 13. Qe2 a6 14. Bh4 Rfe8 15. Ng3 Bg6 16. Bxg6 hxg6 17. Ne5 Nh7 18. Nf1 g5 19. Nxc6 Qxc6 20. Bg3 b5 21. Bxd6 Qxd6 22. a3 Nf6 23. Qe3 g4 24. Nd2 Rec8 25. hxg4 Nxg4 26. Qh3 Qf4 27. Re2 a5 28. g3 Qf5 29. Rae1 b4 30. f3 Nh6 31. g4 Qf4 32. axb4 axb4 33. Nb1 bxc3 34. bxc3 Rb3 35. Kg2 Rcb8 36. Qh1 Nxg4 37. fxg4 Qxg4+ 0-1

[Event "Fagernes op"]
[Site "Fagernes"]
[Date "2022.04.17"]
[Round "9"]
[White "Van den Bersselaar, Jeroen"]
[Black "Liabotro, Ola"]
[Result "1/2-1/2"]
[WhiteElo "2173"]
[BlackElo "2101"]
[PlyCount "120"]
[EventDate "2022.04.10"]
[EventType "swiss"]
[EventRounds "9"]
[EventCountry "NOR"]
[SourceTitle "CBM 207 Extra"]
[Source "ChessBase"]
[SourceDate "2022.05.31"]
[SourceVersion "1"]
[SourceVersionDate "2022.05.31"]
[SourceQuality "1"]

1. c4 e5 2. g3 Nf6 3. Bg2 d5 4. cxd5 Nxd5 5. Nf3 Nc6 6. 0-0 Be7 7. d4 exd4 8. Nxd4 Nxd4 9. Qxd4 Nf6 10. Qa4+ c6 11. Rd1 Bd7 12. Nc3 Qc8 13. Bf4 0-0 14. Rac1 c5 15. Qc2 Bc6 16. e4 Re8 17. Nd5 Bd8 18. Be3 Qe6 19. Nf4 Qe5 20. f3 c4 21. Bd4 Bb6 22. Qf2 Qb5 23. Bf1 Red8 24. Bxb6 Rxd1 25. Rxd1 axb6 26. b3 Qa5 27. bxc4 Nd7 28. Nd5 Kf8 29. Rd2 Nc5 30. Nc7 Rc8 31. Nb5 Re8 32. Qd4 h6 33. Nc7 Rc8 34. Qd6+ Kg8 35. Nb5 Ne6 36. Rb2 Rd8 37. Qe5 Qe1 38. Qc3 Qd1 39. Qc2 Qxf3 40. Rb3 Qxe4 41. Qxe4 Bxe4 42. Nc3 Bc6 43. Nd5 Bxd5 44. cxd5 Rxd5 45. Rxb6 Rd2 46. Rxb7 Rxa2 47. Bc4 Rd2 48. Bxe6 fxe6 49. h4 Kf8 50. Ra7 Kg8 51. Re7 Rd6 52. Kf2 Kf8 53. Ra7 e5 54. Ke3 Rg6 55. Kf3 e4+ 56. Kxe4 Rxg3 57. Kf5 Kg8 58. Ra8+ Kh7 59. Kf4 Rg1 60. Ra5 g5+ 1/2-1/2

[Event "Newcastle Northumbria Masters"]
[Site "Newcastle on Tyne"]
[Date "2019.08.25"]
[Round "5"]
[White "Brett, Andrew"]
[Black "Van den Bersselaar, Jeroen"]
[Result "0-1"]
[WhiteElo "2114"]
[BlackElo "2142"]
[PlyCount "82"]
[EventDate "2019.08.23"]
[EventType "swiss"]
[EventRounds "9"]
[EventCountry "ENG"]
[SourceTitle "EXT 2020"]
[Source "ChessBase"]
[SourceDate "2019.10.17"]
[SourceVersion "1"]
[SourceVersionDate "2019.10.17"]
[SourceQuality "1"]

1. c4 e5 2. Nc3 Bb4 3. Nd5 Bc5 4. b4 Bf8 5. Bb2 c6 6. Ne3 f6 7. Qb3 a5 8. a3 Qb6 9. Nc2 axb4 10. axb4 Rxa1+ 11. Bxa1 Na6 12. b5 Nc5 13. Qb1 d5 14. cxd5 cxd5 15. g3 Bf5 16. f3 d4 17. Bh3 Bg6 18. d3 Qa5+ 19. Kf2 Qd2 20. Ne1 Ne7 21. Bb2 Nd5 22. Bc1 Qa5 23. Qb2 Nc3 24. Bd2 N5a4 25. Qb3 Nc5 26. Qc2 Bd6 27. e4 dxe3+ 28. Bxe3 Qa3 29. Bd2 Nxb5 30. Qc4 Nd4 31. Ne2 b5 32. Qc3 b4 33. Qc1 0-0 34. Nxd4 exd4 35. Qc4+ Kh8 36. Qc1 Qxc1 37. Bxc1 Nxd3+ 38. Nxd3 Bxd3 39. Bb2 Bc5 40. Rd1 Bc2 41. Rh1 d3+ 0-1

[Event "Helsingor Xtracon op"]
[Site "Helsingor"]
[Date "2019.07.24"]
[Round "6"]
[White "Van den Bersselaar, Jeroen"]
[Black "Zude, Erik"]
[Result "0-1"]
[WhiteElo "2161"]
[BlackElo "2385"]
[PlyCount "56"]
[EventDate "2019.07.20"]
[EventType "swiss"]
[EventRounds "10"]
[EventCountry "DEN"]
[SourceTitle "CBM 191 Extra"]
[Source "ChessBase"]
[SourceDate "2019.09.30"]
[SourceVersion "1"]
[SourceVersionDate "2019.09.30"]
[SourceQuality "1"]

1. d4 Nf6 2. Nf3 g6 3. Bg5 Bg7 4. Nbd2 d5 5. e3 c5 6. c3 Qb6 7. Qb3 c4 8. Qxb6 axb6 9. Be2 Nc6 10. 0-0 b5 11. a3 Nd7 12. e4 dxe4 13. Nxe4 Nb6 14. Rad1 Nd5 15. Rfe1 0-0 16. h3 f5 17. Ned2 h6 18. Bh4 g5 19. Bg3 f4 20. Bh2 Bf5 21. Bf1 Nb6 22. Ne4 Na4 23. Rd2 Na5 24. Ne5 Nb3 25. Rc2 Bxe5 26. dxe5 Rad8 27. g4 Bxe4 28. Rxe4 Rd1 0-1

[Event "EU-ch Seniors 50 19th"]
[Site "Rhodes"]
[Date "2019.04.13"]
[Round "8"]
[White "Van den Bersselaar, Jeroen"]
[Black "Pavlovic, Milos"]
[Result "0-1"]
[WhiteElo "2142"]
[BlackElo "2492"]
[PlyCount "50"]
[EventDate "2019.04.06"]
[EventType "swiss"]
[EventRounds "9"]
[EventCountry "GRE"]
[SourceTitle "CBM 189 Extra"]
[Source "ChessBase"]
[SourceDate "2019.06.03"]
[SourceVersion "1"]
[SourceVersionDate "2019.06.03"]
[SourceQuality "1"]

1. d4 e6 2. Nf3 c5 3. e3 d5 4. c4 a6 5. a3 Nf6 6. dxc5 Bxc5 7. b4 Be7 8. Nbd2 dxc4 9. Bxc4 0-0 10. 0-0 b5 11. Bb3 Bb7 12. Bb2 Nbd7 13. Qb1 a5 14. bxa5 Rxa5 15. Bc2 Qa8 16. Bc3 Rxa3 17. Qxb5 Ba6 18. Rxa3 Bxa3 19. Qg5 h6 20. Qh4 Bxf1 21. Kxf1 Rc8 22. Qd4 Qc6 23. Nb1 Bb2 24. Bxb2 Qxc2 25. Nbd2 e5 0-1

[Event "WchT Seniors 50"]
[Site "Dresden"]
[Date "2018.07.14"]
[Round "8.6"]
[White "Van den Bersselaar, Jeroen"]
[Black "Kryukova, Irina"]
[Result "1/2-1/2"]
[WhiteElo "2142"]
[BlackElo "2249"]
[PlyCount "48"]
[EventDate "2018.07.07"]
[EventType "team-swiss"]
[EventRounds "9"]
[EventCountry "GER"]
[SourceTitle "CBM 185 Extra"]
[Source "ChessBase"]
[SourceDate "2018.07.29"]
[SourceVersion "1"]
[SourceVersionDate "2018.07.29"]
[SourceQuality "1"]
[WhiteTeam "Brabant"]
[BlackTeam "Russia (Women)"]
[WhiteTeamCountry "NED"]
[BlackTeamCountry "GER"]

1. Nf3 Nf6 2. c4 e6 3. g3 d5 4. Bg2 dxc4 5. Qa4+ c6 6. Qxc4 b5 7. Qc2 Bb7 8. a4 a6 9. 0-0 Be7 10. Nc3 Nbd7 11. d3 0-0 12. h3 Nd5 13. Nxd5 cxd5 14. d4 Rc8 15. Qd3 b4 16. Bd2 a5 17. Rfc1 Qb6 18. Qb5 Qxb5 19. axb5 Rxc1+ 20. Bxc1 Rc8 21. Bf4 Bd8 22. Ne1 Bb6 23. e3 f6 24. Bd6 Kf7 1/2-1/2

[Event "WchT Seniors 50"]
[Site "Dresden"]
[Date "2018.07.11"]
[Round "5.5"]
[White "Van den Bersselaar, Jeroen"]
[Black "Schulz, Klaus Juergen"]
[Result "0-1"]
[WhiteElo "2142"]
[BlackElo "2324"]
[PlyCount "54"]
[EventDate "2018.07.07"]
[EventType "team-swiss"]
[EventRounds "9"]
[EventCountry "GER"]
[SourceTitle "CBM 185 Extra"]
[Source "ChessBase"]
[SourceDate "2018.07.29"]
[SourceVersion "1"]
[SourceVersionDate "2018.07.29"]
[SourceQuality "1"]
[WhiteTeam "Brabant"]
[BlackTeam "Germany II"]
[WhiteTeamCountry "NED"]
[BlackTeamCountry "GER"]

1. Nf3 Nf6 2. c4 e6 3. g3 b6 4. Bg2 Bb7 5. 0-0 c5 6. b3 d6 7. d4 cxd4 8. Qxd4 Nbd7 9. Nc3 a6 10. Rd1 Qc7 11. e4 Be7 12. Ba3 Nc5 13. e5 dxe5 14. Nxe5 Bxg2 15. Kxg2 0-0 16. Qe3 Rfc8 17. f3 Rd8 18. Ne2 Nfd7 19. Nxd7 Rxd7 20. b4 Rxd1 21. Rxd1 Nd7 22. Rc1 Ne5 23. c5 bxc5 24. bxc5 Rd8 25. Nd4 Rd5 26. f4 Nc6 27. Nxe6 Qd7 0-1

[Event "Wch Seniors 50 27th"]
[Site "Acqui Terme"]
[Date "2017.11.15"]
[Round "8"]
[White "Buchal, Stephan"]
[Black "Van den Bersselaar, Jeroen"]
[Result "1-0"]
[WhiteElo "2347"]
[BlackElo "2189"]
[PlyCount "53"]
[EventDate "2017.11.07"]
[EventType "swiss"]
[EventRounds "11"]
[EventCountry "ITA"]
[SourceTitle "CBM 181 Extra"]
[Source "ChessBase"]
[SourceDate "2017.12.12"]
[SourceVersion "1"]
[SourceVersionDate "2017.12.12"]
[SourceQuality "1"]

1. Nf3 Nf6 2. c4 Nc6 3. g3 e5 4. Bg2 d5 5. cxd5 Nxd5 6. 0-0 Nb6 7. a3 Be7 8. d3 0-0 9. b4 Be6 10. Bb2 f6 11. Nbd2 Qd7 12. Rc1 a5 13. b5 Nd8 14. d4 Qxb5 15. Ba1 Bxa3 16. Rxc7 Nd5 17. Rc2 Nc6 18. e4 Nb6 19. d5 Nxd5 20. exd5 Bxd5 21. Nb1 Bb4 22. Nc3 Bxc3 23. Rxc3 Rfd8 24. Qc1 Qa6 25. Rd1 a4 26. Bf1 Bxf3 27. Rxd8+ 1-0

[Event "Bratto op 37th"]
[Site "Bratto"]
[Date "2017.08.19"]
[Round "1"]
[White "Petrov, Nikita"]
[Black "Van den Bersselaar, Jeroen"]
[Result "1-0"]
[WhiteElo "2566"]
[BlackElo "2187"]
[PlyCount "53"]
[EventDate "2017.08.19"]
[EventType "swiss"]
[EventRounds "9"]
[EventCountry "ITA"]
[SourceTitle "CBM 180 Extra"]
[Source "ChessBase"]
[SourceDate "2017.10.06"]
[SourceVersion "1"]
[SourceVersionDate "2017.10.06"]
[SourceQuality "1"]

1. Nf3 d5 2. g3 c6 3. Bg2 Bg4 4. c4 e6 5. 0-0 Nd7 6. cxd5 exd5 7. d3 Ngf6 8. e4 Be7 9. Qc2 Bxf3 10. Bxf3 Ne5 11. Be2 dxe4 12. dxe4 0-0 13. Nc3 Qa5 14. Bd2 Qb6 15. Be3 Qa5 16. Kg2 Bc5 17. Bd2 Qc7 18. f4 Ned7 19. e5 Ne8 20. Ne4 Be7 21. Bc4 b5 22. Be2 a5 23. Rac1 Rc8 24. Rfd1 f5 25. exf6 Ndxf6 26. Ng5 Qb6 27. Bg4 1-0

[Event "Bodensee op"]
[Site "Bregenz"]
[Date "2017.05.28"]
[Round "9"]
[White "Teske, Henrik"]
[Black "Van den Bersselaar, Jeroen"]
[Result "1-0"]
[WhiteElo "2492"]
[BlackElo "2154"]
[PlyCount "61"]
[EventDate "2017.05.20"]
[EventType "swiss"]
[EventRounds "9"]
[EventCountry "AUT"]
[SourceTitle "CBM 178 Extra"]
[Source "ChessBase"]
[SourceDate "2017.06.22"]
[SourceVersion "1"]
[SourceVersionDate "2017.06.22"]
[SourceQuality "1"]

1. d4 d5 2. c4 c6 3. Nc3 Nf6 4. Nf3 e6 5. Bg5 h6 6. Bh4 dxc4 7. e4 g5 8. Bg3 b5 9. Be2 Bb7 10. 0-0 Nbd7 11. d5 a6 12. dxe6 fxe6 13. h4 Rg8 14. e5 Nd5 15. Nd4 Nc5 16. Bh5+ Kd7 17. Nxd5 cxd5 18. b4 cxb3 19. axb3 gxh4 20. Bf4 Qe7 21. Qe2 Qh7 22. Rfd1 b4 23. Bg4 Qg6 24. Bh3 Be7 25. Ra5 Rge8 26. Qd2 Ne4 27. Qd3 Bd8 28. Nxe6 Rxe6 29. Rxd5+ Bxd5 30. Qxd5+ Ke7 31. Qb7+ 1-0

[Event "Oslo op"]
[Site "Fornebu"]
[Date "2016.10.02"]
[Round "3"]
[White "Abdumalik, Zhansaya"]
[Black "Van den Bersselaar, Jeroen"]
[Result "1-0"]
[WhiteElo "2389"]
[BlackElo "2143"]
[PlyCount "91"]
[EventDate "2016.09.30"]
[EventType "swiss"]
[EventRounds "9"]
[EventCountry "NOR"]
[SourceTitle "EXT 2017"]
[Source "ChessBase"]
[SourceDate "2016.10.25"]
[SourceVersion "1"]
[SourceVersionDate "2016.10.25"]
[SourceQuality "1"]

1. e4 c6 2. d4 d5 3. Nd2 dxe4 4. Nxe4 Bf5 5. Ng3 Bg6 6. h4 h6 7. Nf3 Nd7 8. h5 Bh7 9. Bd3 Bxd3 10. Qxd3 e6 11. Bd2 Ngf6 12. 0-0-0 Qc7 13. Kb1 0-0-0 14. c4 c5 15. Bc3 cxd4 16. Nxd4 Nc5 17. Qc2 a6 18. b4 Ncd7 19. Qb3 Bd6 20. Nge2 Ne4 21. Be1 Be5 22. Rh3 Ndf6 23. f3 Nd6 24. Rc1 Nf5 25. Nxf5 exf5 26. c5 f4 27. Rh4 Qd7 28. Nxf4 Rhe8 29. Ne2 Nd5 30. Re4 Nf6 31. c6 bxc6 32. Rec4 Qf5+ 33. R4c2 Kb7 34. Qxf7+ Rd7 35. Qc4 Rc8 36. f4 Bb8 37. g3 Ba7 38. Nc3 Rd4 39. Qb3 Ng4 40. Na4 Rd3 41. Qc4 Ne3 42. Nc5+ Bxc5 43. Qxc5 Qe4 44. Bf2 Rc7 45. Re1 Re7 46. Bxe3 1-0